Los recursos en la litigación
Сохранить в:
| Главный автор: | |
|---|---|
| Формат: | Неизвестно |
| Язык: | английский |
| Опубликовано: |
Buenos aires, Argentina
Didot
2019
|
| Серии: | Colección Litigación y Enjuiciamiento Adversarial
|
| Предметы: | |
| Метки: |
Добавить метку
Нет меток, Требуется 1-ая метка записи!
|
MARC
| LEADER | 00000 a2200000 4500 | ||
|---|---|---|---|
| 003 | CL-VaPUC | ||
| 005 | 20210901115557.0 | ||
| 008 | 200318b ||||| |||| 00| 0 eng d | ||
| 999 | |c 422641 |d 422639 | ||
| 020 | |a 9789873620423 | ||
| 040 | |c Pontificia Universidad Católica de Valparaíso | ||
| 082 | 0 | 4 | |2 21 |a 345 AHU 2019 |
| 100 | 1 | |a Ahumada, Carolina |9 737456 | |
| 245 | 1 | 4 | |a Los recursos en la litigación |
| 260 | 3 | |b Didot |c 2019 |a Buenos aires, Argentina | |
| 300 | |a 262 p | ||
| 490 | 0 | |a Colección Litigación y Enjuiciamiento Adversarial | |
| 583 | |k Hugo Gaete |c 20200318 | ||
| 650 | 0 | 0 | |a DERECHO PENAL |9 11 |
| 650 | 0 | 0 | |a Argumentación jurídica |9 469614 |
| 942 | |2 ddc |c BK | ||
| 952 | |0 0 |1 0 |2 ddc |4 0 |6 345_000000000000000_AHU_2019 |7 0 |9 560953 |a BIBDER |b BIBDER |d 2020-03-10 |e 22 |g 26500.00 |i 5573734 |l 1 |o 345 AHU 2019 |p 5573734 |r 2023-01-25 |s 2022-08-16 |t 1 |v 26500.00 |w 2020-03-10 |y BK |k DER | ||